Score 0/15 Timer 05:00
2 Plays Today
Question Answer Wrong Answers
Dory (Finding Nemo) Ellen DeGeneres
95.2%
Rosie O'Donnell
1.9%
Nicole Kidman
0.8%
Natalie Portman
0.8%
Genie (Aladdin) Robin Williams
94.9%
Morgan Freeman
1.2%
Jim Carrey
1.8%
John Travolta
0.8%
Shrek (Shrek) Mike Myers
92%
Eddie Murphy
2.7%
Gene Hackman
2%
Matthew Broderick
2%
Woody (Toy Story) Tom Hanks
90.5%
Tim Allen
7.2%
Kelsey Grammer
0.5%
Ray Romano
0.7%
Lightning McQueen (Cars) Owen Wilson
87.4%
Alec Baldwin
3%
Arnold Schwarzenegger
0.9%
Luke Wilson
7.4%
Meg Griffin (Family Guy) Mila Kunis
85.1%
Megan Fox
4.8%
Natalie Portman
4%
Kristen Bell
4.8%
Rango (Rango) Johnny Depp
84.8%
Ryan Gosling
4.3%
Patton Oswalt
4%
Luke Wilson
5.4%
Simba (The Lion King) Matthew Broderick
83.7%
Jim Carrey
2.9%
Don Cheadle
10.3%
Johnny Depp
1.7%
Remy (Ratatouille) Patton Oswalt
83.2%
Robin Williams
3.6%
Tom Hanks
3.2%
Ryan Reynolds
8.4%
Marty (Madagascar) Chris Rock
78.2%
Eddie Murphy
14.7%
Don Cheadle
3.6%
Morgan Freeman
2.2%
Turbo (Turbo) Ryan Reynolds
77.2%
Arnold Schwarzenegger
7%
Mila Kunis
2.7%
Rosie O'Donnell
11.4%
Anna (Frozen) Kristen Bell
76.8%
Natalie Portman
7.4%
Katy Perry
4.6%
Zooey Deschanel
9.7%
Carl Fredricksen (Up) Ed Asner
75.1%
Carl Reiner
10.6%
Gene Hackman
9.5%
David Hyde Pierce
3.3%
Bolt (Bolt) John Travolta
66.6%
Megan Fox
3.9%
Owen Wilson
24.2%
Nicole Kidman
3.8%
Sideshow Bob (The Simpsons) Kelsey Grammer
65.7%
David Hyde Pierce
17.9%
Alec Baldwin
10.8%
Richard Gere
4.2%
Remove Ads.
Support Sporcle.
Get the best of Sporcle when you Go Orange. This ad-free experience offers more features, more stats, and more fun while also helping to support Sporcle. Thank you for becoming a member.

You're not logged in!

Compare scores with friends on all Sporcle quizzes.
OR
Log In

Show Comments

Extras

Top Quizzes Today


Score Distribution

Your Account Isn't Verified!

In order to create a playlist on Sporcle, you need to verify the email address you used during registration. Go to your Sporcle Settings to finish the process.

Report this User

Report this user for behavior that violates our Community Guidelines.

Details: